"El crimen del castigo" La tarjeta de presentacin̤ de una sociedad /

Detalles Bibliográficos
Autor principal: Ro̕s Patio, Gino
Formato: eBook
Lenguaje:español
Publicado: Lima: Universidad de San Martin de Porres, 2020
Materias:
Acceso en línea:Acceso restringido

MARC

LEADER 00000nam a22000007a 4500
005 20200806011733.0
007 cr|||| ||||
008 200806s2020 pe |||||s|||| 00||0 spa d
035 |a 32062 
040 |a vLex 
090 |c 10722  |d 10722 
100 1 |a Ro̕s Patio, Gino 
245 1 2 |a "El crimen del castigo"  |h [Recurso electrn̤ico] :  |b La tarjeta de presentacin̤ de una sociedad /  |c Gino Ro̕s Patio 
256 |a Servicio en ln̕ea 
260 |a Lima:  |b Universidad de San Martin de Porres,  |c 2020 
300 |a 1 recurso electrn̤ico 
506 1 |a Disponible solo en los productos indicados  |d vLex Global  |d vLex Global (Academic Edition, excluding Law Schools)  |d vLex Global (U.S. Academic Edition, Law Schools)  |d vLex Global (U.S. Academic Edition, excluding Law Schools)  |d vLex Global (Academic Edition, Law Schools) 
650 0 4 |a Derecho Penal  |z Per︢ 
650 0 4 |a Derecho Pb︢lico y Administrativo  |z Per︢ 
740 0 |a vLex Libros (Servicio en ln̕ea) 
856 4 0 |u http://vlex.com/source/el-crimen-del-castigo-la-tarjeta-de-presentacion-de-una-sociedad-32062  |z Acceso restringido 
942 |c BOOK 
999 0 |a Criminal Law 
999 0 |a Public and Administrative Law